ಪುಟಾಣಿಗಳಿಗಾಗಿ ಅಂತರ್ಜಾಲ ನಿರ್ವಹಣೆ (Record no. 11620)
[ view plain ]
| 000 -LEADER | |
|---|---|
| fixed length control field | 00647nam a22001457a 4500 |
| 005 - DATE AND TIME OF LATEST TRANSACTION | |
| control field | 20230610153116.0 |
| 008 - FIXED-LENGTH DATA ELEMENTS--GENERAL INFORMATION | |
| fixed length control field | 230425b xxu||||| |||| 00| 0 eng d |
| 082 ## - DEWEY DECIMAL CLASSIFICATION NUMBER | |
| Classification number | 658.054 |
| Item number | RAV |
| 100 ## - MAIN ENTRY--PERSONAL NAME | |
| Personal name | Ravishankar K C Vivekanand |
| 245 ## - TITLE STATEMENT | |
| Title | ಪುಟಾಣಿಗಳಿಗಾಗಿ ಅಂತರ್ಜಾಲ ನಿರ್ವಹಣೆ |
| Remainder of title | Putaanigaligagi antrjaal NirvhaNe |
| Statement of responsibility, etc. | Ravishankar, K C Vivekanand |
| 260 ## - PUBLICATION, DISTRIBUTION, ETC. | |
| Place of publication, distribution, etc. | Belagavi |
| Name of publisher, distributor, etc. | Prasaranga, Visveswaraya Technological University ( VTU ) |
| Date of publication, distribution, etc. | 2021 |
| 300 ## - PHYSICAL DESCRIPTION | |
| Extent | 64p. |
| 440 ## - SERIES STATEMENT/ADDED ENTRY--TITLE | |
| Title | Janpriya Taantrika Shikshana Maale (ಜನಪ್ರಿಯ ತಾಂತ್ರಿಕ ಶಿಕ್ಷಣ ಮಾಲೆ) |
| 650 ## - SUBJECT ADDED ENTRY--TOPICAL TERM | |
| Topical term or geographic name entry element | General |
| Withdrawn status | Lost status | Source of classification or shelving scheme | Damaged status | Not for loan | Permanent Location | Current Location | Shelving location | Date acquired | Source of acquisition | Cost, normal purchase price | Full call number | Barcode | Date last seen | Cost, replacement price | Price effective from | Koha item type |
|---|---|---|---|---|---|---|---|---|---|---|---|---|---|---|---|---|
| BMS College of Architecture, Design and Planning | BMS College of Architecture, Design and Planning | Kannada Books | 2023-06-19 | 15 | 30.92 | 658.054 RAV | AR-UG3068 | 2023-06-19 | 30.92 | 2023-06-19 | UG Books | |||||
| BMS College of Architecture, Design and Planning | BMS College of Architecture, Design and Planning | Kannada Books | 2023-06-19 | 15 | 30.92 | 658.054 RAV | AR-UG3069 | 2023-06-19 | 30.92 | 2023-06-19 | UG Books | |||||
| BMS College of Architecture, Design and Planning | BMS College of Architecture, Design and Planning | Kannada Books | 2023-06-19 | 15 | 30.92 | 658.054 RAV | AR-UG3070 | 2023-06-19 | 30.92 | 2023-06-19 | UG Books | |||||
| BMS College of Architecture, Design and Planning | BMS College of Architecture, Design and Planning | Kannada Books | 2023-06-19 | 15 | 30.92 | 658.054 RAV | AR-UG3071 | 2023-06-19 | 30.92 | 2023-06-19 | UG Books |